Booth Tarkington papers, (Record no. 44407)
[ view plain ]
| 000 -LEADER | |
|---|---|
| fixed length control field | 01182cpcaa2200289 a 4500 |
| 001 - CONTROL NUMBER | |
| control field | mm 97006352 |
| 003 - CONTROL NUMBER IDENTIFIER | |
| control field | DLC |
| 005 - DATE AND TIME OF LATEST TRANSACTION | |
| control field | 20260227111726.0 |
| 008 - FIXED-LENGTH DATA ELEMENTS--GENERAL INFORMATION | |
| fixed length control field | 970306|||||||||||| eng |
| 010 ## - LIBRARY OF CONGRESS CONTROL NUMBER | |
| LC control number | mm 97006352 |
| 040 ## - CATALOGING SOURCE | |
| Original cataloging agency | DLC |
| Transcribing agency | DLC |
| Modifying agency | DLC |
| Description conventions | dacs |
| 072 #7 - SUBJECT CATEGORY CODE | |
| Subject category code | L |
| Source | lcmd |
| 100 1# - MAIN ENTRY--PERSONAL NAME | |
| Personal name | Tarkington, Booth, |
| Dates associated with a name | 1869-1946. |
| 245 00 - TITLE STATEMENT | |
| Title | Booth Tarkington papers, |
| Inclusive dates | 1905. |
| 300 ## - PHYSICAL DESCRIPTION | |
| Extent | 3 |
| Type of unit | items. |
| 506 0# - RESTRICTIONS ON ACCESS NOTE | |
| Terms governing access | Open to research. |
| 520 8# - SUMMARY, ETC. | |
| Summary, etc. | Manuscript page from Tarkington's The Conquest of Canaan (1905); ALS (1905 June 27) from his wife, Louisa Fletcher Tarkington, regarding his published works; and a reproduction of James Montgomery Flagg's drawing of Tarkington signed by Tarkington (undated). |
| 545 0# - BIOGRAPHICAL OR HISTORICAL DATA | |
| Biographical or historical data | Author. |
| 546 ## - LANGUAGE NOTE | |
| Language note | Collection material in English. |
| 580 ## - LINKING ENTRY COMPLEXITY NOTE | |
| Linking entry complexity note | Forms part of: Miscellaneous Manuscripts collection. |
| 600 10 - SUBJECT ADDED ENTRY--PERSONAL NAME | |
| Personal name | Flagg, James Montgomery, |
| Dates associated with a name | 1877-1960. |
| 600 10 - SUBJECT ADDED ENTRY--PERSONAL NAME | |
| Personal name | Tarkington, Louisa Fletcher |
| Form subdivision | Correspondence. |
| 650 #0 - SUBJECT ADDED ENTRY--TOPICAL TERM | |
| Topical term or geographic name entry element | American literature. |
| 656 #7 - INDEX TERM--OCCUPATION | |
| Occupation | Authors. |
| Source of term | itoamc |
No items available.